Nazi in power of Germany - Statistics

General Stats
  • This quiz has been taken 274 times
  • The average score is 5 of 15
Answer Stats
hints Answer % Correct
Leader of the Nazi party Hitler
100%
Nazi Propaganda leader Goebbels
82%
What year was Hitler born 1889
70%
What Year did the Nazis invade Poland 1939
69%
The race that the Nazis wanted the world to be Aryan
63%
Heinrich Himmler's first name Heinrich
29%
Guns or......? Butter
16%
What was signed to improve Nazi relations with the Catholic Church Concordat
15%
Group that oppossed the Nazis- "Swing......? Youth
11%
Leader of the Reichbank Hjalmar Schacht
10%
Founder of the Confessional Church? Martin Niemoller
8%
Chancellor before Hitler Von Schleicher
8%
Date of Reichstag fire 27th February 1933
3%
Nazi slogan on women Kinder Kuche Kirche
3%
In place of Christianity, the Nazis aimed to cultivate a...... Teutonic Paganism
3%
No matching quizzes found
Score Distribution
Percent of People with Each Score
Percentile by Number Answered
Your Score History
You have not taken this quiz